ONEPIECE_WORLD_TOP_100 - Statistics

General Stats
  • This quiz has been taken 50 times
  • The average score is 16 of 30
Answer Stats
# Answer % Correct
2 Zoro 1,445,034
100%
1 Monkey D. Luffy 1,637,921
95%
26 Brook 75,741
90%
3 Nami 1,085,141
90%
4 Sanji 970,286
90%
16 Chopper 116,364
85%
28 Franky 66,398
85%
6 Nico Robin 599,835
85%
12 Shanks 171,610
85%
15 Usopp 131,090
80%
18 Jinbe 102,354
75%
5 Trafalgar Law 646,686
70%
9 Portgas D. Ace 355,503
65%
20 Donquixote Doflamingo 96,402
60%
29 Gol D. Roger 66,270
60%
10 Sabo 318,869
60%
23 Eustass Kid 86,454
55%
30 Dracule Mihawk 65,869
45%
7 Boa Hancock 392,951
40%
17 Crocodile 109,837
35%
21 Nefertari Vivi 90,645
35%
19 Marco 98,431
30%
27 Smoker 66,962
30%
11 Yamato 259,738
25%
13 Corazon 157,167
20%
8 Carrot 388,565
15%
24 Kouzuki Oden 82,773
15%
25 Perona 80,255
10%
22 Bentham 88,082
0%
14 Dogtooth 152,070
0%
No matching quizzes found
Score Distribution
Percent of People with Each Score
Percentile by Number Answered
Your Score History
You have not taken this quiz